000 00734nam a2200253Ia 4500
003 OSt
005 20220918222346.0
006 a|||||r|||| 00| 0
007 ta
008 220917b |||||||| |||| 00| 0 eng d
024 _a216,616
037 _cTextual
040 _aARTS
_cARTS
_beng
041 _2eng
_aeng
082 _aO111,3N42:g(Y:1), P3
100 _aMortan Stephen
_9142920
245 0 _aGayatri Chakravorty Spivak
260 _aLondon
_bRoutledge
_c2003
300 _axiii, 176p
_ccm.
490 _aRoutledge critical thinkers essential guides for literary studies
650 _aENGLISH LITERATURE
942 _hO111,3N42:g(Y:1), P3
_cTEXL
_2CC
999 _c275299
_d275299